Integrated Pharmacy Case Studies / (Record no. 353231)
[ view plain ]
| 000 -LEADER | |
|---|---|
| fixed length control field | 00383nam a2200109Ia 4500 |
| 008 - FIXED-LENGTH DATA ELEMENTS--GENERAL INFORMATION | |
| fixed length control field | 180116s9999 xx 000 0 und d |
| 020 ## - INTERNATIONAL STANDARD BOOK NUMBER | |
| International Standard Book Number | 9780853698845 |
| 100 ## - MAIN ENTRY--PERSONAL NAME | |
| Personal name | Francis, Sally-Anne |
| 245 ## - TITLE STATEMENT | |
| Statement of responsibility, etc | Sally-Anne Francis, Falicity Smith, John Malkinson, Andrew Contanti, Kevin Taylor |
| Title | Integrated Pharmacy Case Studies / |
| 260 ## - PUBLICATION, DISTRIBUTION, ETC. (IMPRINT) | |
| Place of publication, distribution, etc | UK |
| Name of publisher, distributor, etc | Pharmaceutical Press |
| Date of publication, distribution, etc | 2015 |
| 300 ## - PHYSICAL DESCRIPTION | |
| Extent | 432 pages |
| Withdrawn status | Lost status | Source of classification or shelving scheme | Damaged status | Home library | Current library | Shelving location | Date acquired | Source of acquisition | Total Checkouts | Total Renewals | Full call number | Barcode | Date last seen | Date checked out | Price effective from | Koha item type |
|---|---|---|---|---|---|---|---|---|---|---|---|---|---|---|---|---|
| Library of Congress Classification | South SEED-LPDH College Library | South SEED-LPDH College -Study Center | 01/16/2018 | Library Fund | 1 | 1 | RS 122.95 .F818 2015 | SSLC1614 | 02/07/2019 | 01/28/2019 | 01/16/2018 | Books |